00748 2200289 4500001002100000005001500021035002000036007000300056008004100059040001200100100001400112245005500126250000900181300003500190504003000225020002200255041000800277082001100285084001700296090001700313260003200330600001400362850001000376990002400386990002400410990002400434INLIS00000000000267120260601080809 a0010-0620000044ta260601 0  aSBPUPAD0 aMardiasmo1 aAkuntansi Sektor Publik Edisi Terbaru /cMardiasmo aEd.1 axx, 280 hlm. :bilus. ;c21 cm aBibiliografi, hlm 275-280 a978-979-29-6972-60 aInd a657.61 a657.61 MAR a a657.61 MAR a a--Yogyakarta :bAndi,c2018 4aAkuntansi aPUPAD a34.665/DAK/DPK/2019 a34.636/DAK DPK/2019 a34.635/DAK/DPK/2019